000 00725nam a22002177a 4500
999 _c10440
_d10440
003 AR-CdUCM
008 190401b ||||| |||| 00| 0 spa d
040 _aMUNICIPALIDAD PROVINCIAL DEL CUSCO
_cBIBLIOTECA MUNICIPAL DEL CUSCO
082 _24ed.
_aEP / 030 /
_bT56
100 _aTimon Castro, Jose
_927294
245 _aPapel y tijeras /
260 _aMadrid :
_bSantillana,
_c1963.
300 _a111 páginas ;
_bimágenes.
_c21 cm.
440 _aEnciclopedia de las aficiones.
_927268
505 _aContenido: Doña tijera -- Doña Goma -- El papel charol -- Círculos -- Cuadrados...
650 _aTijeras.
_927295
650 _aEducación.
_9460
650 _aAficiones.
_927270
942 _2ddc
_cLIBROS
945 _awfj